000 00411nam a2200181Ia 4500
001 19518
005 20260306172659.0
008 260306t2008||||xx |||||||||||||| ||spa||
041 _aESP
082 _a340.1
_bF94
100 _aFuller, Lon L.
_eAUT
245 0 _aEl caso de los exploradores de cavernas
260 _c2008
300 _a
_c
650 _aGEN
654 _aCDE
942 _cLIB
_dJUS
_fJUS
_2ddc
_n
999 _c19518
_d19518